000 00597cab a2200217 4500
001 WB2839-06
008 090401t1992 xxu||||| |||| 00| 0 eng d
035 _a(Sirsi) u32539
041 _aeng
245 _aTender abuses
260 _c1992
350 _a0
490 _aNew Builder
_v(146) 1 October 1992, 7(1)
520 _aRICS President Christpher Jonas has called for further investigation into problems of below cost tendering.
650 _aFEE TENDERING
650 _aRICS
650 _aSURVEYORS BRIEFING92
690 _aBUILT ENVIRONMENT
942 _n0
948 _c04/03/1997
999 _c21778
_d21778